Schauspieler Quiz II - Statistiken

Allgemein
  • Dieses Quiz wurde 310 mal gespielt
  • Das Durchschnittsergebnis liegt bei 7 aus 16
Antwortstatistiken
Bildquiz Antwort % Korrekt
Tom Cruise
88%
George Clooney
82%
Tom Holland
81%
Jack Black
68%
Christoph Waltz
58%
Heath Ledger
53%
Anthony Hopkins
52%
Elizabeth Olsen
43%
Robert Deniro
40%
Audrey Hepburn
29%
Marlon Brando
24%
Lily Collins
22%
Goldie Hawn
18%
Steve Martin
17%
Diane Keaton
14%
Shelley Duvall
4%
Keine übereinstimmenden Quizze gefunden
Verteilung der Resultate
Anzahl Personen mit jedem Resultat
Perzentil nach korrekt beantworteten Fragen
Ihre Resultats-Entwicklung
Sie haben dieses Quiz noch nicht gespielt